| 000 | 00952nam a2200313Ia 4500 | ||
|---|---|---|---|
| 003 | OSt | ||
| 005 | 20220912145416.0 | ||
| 006 | a|||||r|||| 00| 0 | ||
| 007 | ta | ||
| 008 | 220909b |||||||| |||| 00| 0 eng d | ||
| 020 | _a9780471753650 (pbk) | ||
| 024 | _a83803 | ||
| 037 | _b1933, 20/07/2009, New India Book Agency | ||
| 037 | _cTextbook | ||
| 040 |
_aCSL _beng _cCSL |
||
| 041 | _aeng | ||
| 082 | _aC211, P9 TH | ||
| 100 | _aNewell James | ||
| 245 | 0 | _aEssentials of modern materials science and engineering | |
| 260 |
_aNew Jersey _bWiley _c2009 |
||
| 300 |
_axxxiv, 332p. _ccm. |
||
| 500 | _aAppendix A-B, 299-308p.; Glossary 309-326p.; Index 327-332p. | ||
| 650 | _a Engineering | ||
| 650 | _a Material science-textbooks | ||
| 650 | _a Materials science | ||
| 650 | _aGeology | ||
| 942 |
_hC211, P9 TH _cTB _2CC |
||
| 999 |
_c30987 _d30987 |
||